书目信息 |
| 题名: |
续资治通鉴
|
|
| 作者: | 毕沅 编著 | |
| 分册: | 第十册 | |
| 出版信息: | 北京 中华书局 1957 |
|
| 页数: | 12册(6020页) | |
| 开本: | 20cm | |
| 丛书名: | ||
| 单 册: | ||
| 中图分类: | K204.3 | |
| 科图分类: | ||
| 主题词: | 历史-中国-辽宋金元时代--编年体 , 辽宋金元时代-历史--编年体 | |
| 电子资源: | ||
| ISBN: | ||
| 000 | 00765nam0 2200241 45 | |
| 001 | 0179007759 | |
| 005 | 20060811170325.95 | |
| 010 | @dCNY20.00 | |
| 091 | @a11018.160 | |
| 100 | @a19950724e19791957em y0chiy0121 ea | |
| 101 | 0 | @achi |
| 102 | @aCN@b110000 | |
| 105 | @ay z 000yy | |
| 200 | 10 | @a续资治通鉴@h第十册@h卷一百六十五至一百八十二@Axu zi zhi tong jian@f(清)毕沅编著@g“标点续资治通鉴小组”校点 |
| 210 | @a北京@c中华书局@d1957@h1979重印 | |
| 215 | @a12册(6020页)@d20cm | |
| 606 | @a历史-中国-辽宋金元时代@x编年体 | |
| 606 | @a辽宋金元时代-历史@x编年体 | |
| 607 | @a中国@x历史@z辽宋金元时代@x编年体 | |
| 690 | @aK204.3@v3 | |
| 701 | 0 | @a毕沅@Abi yuan@4编著 |
| 801 | 0 | @aCN@bNLC@c20060811 |
| 905 | @dK204.3@e1:10@f1@b64201@b167109@f1@f2@b103359-360 | |
| 续资治通鉴.第十册.卷一百六十五至一百八十二/(清)毕沅编著/“标点续资治通鉴小组”校点.-北京:中华书局,1957(1979重印) |
| 12册(6020页);20cm |
| ISBN :CNY20.00 |
| ● |
| 相关链接 |
|
|
|
|
正题名:续资治通鉴
索取号:K204.3/1:10
 
预约/预借
| 序号 | 登录号 | 条形码 | 馆藏地/架位号 | 状态 | 备注 |
| 1 | 0064201 | 000428120 | 密集书库/ [索取号:K204.3/1:10] | 在馆 | |
| 2 | 0078922 | 000425711 | 第二样本阅览室/ [索取号:K204.3/1:10] | 在馆 | |
| 3 | 0103359 | 000428102 | 密集书库/ [索取号:K204.3/1:10] | 在馆 | |
| 4 | 0103360 | 000428111 | 密集书库/ [索取号:K204.3/1:10] | 在馆 | |
| 5 | 0167109 | 000425597 | 密集书库/ [索取号:K204.3/1:10] | 在馆 | |
| 6 | 0455642 | 204556426 | 密集书库/ [索取号:K204.3/1:10] | 在馆 |